000
00285nam a2200097Ia 4500
008
171211s9999 xx 000 0 und d
245
_a
Acercamiento A Las Ciencias De La Autodefensa
260
_c
2014
650
_x
Martial Arts
856
_u
http://down.ebook777.com/064/9788495353054.pdf
999
_c
348178
_d
348178